Ryszard Kapuscinski Afrikája. {Africa lui Ryszard Kapuscinski}. [Ryszard Kapuscinki's Africa]
Elmentve itt :
| Szerző: | |
|---|---|
| Adatforrás: | Meister |
| Forrásdokumentuma: | Korunk. - 2001. 4, 17-19. |
| Nyelv: | magyar |
| Kulcsszavak: | recenzió recenzie book review Africa KAPUSCINSKI Ryszard Afrika |
| LEADER | 00516nab a2200181 i 4500 | ||
|---|---|---|---|
| 001 | bibPRO00012967 | ||
| 008 | 080908s2001 xx hun | ||
| 040 | |a Sz1 | ||
| 041 | |a hun | ||
| 100 | 1 | |a SZENYÁN Erzsébet | |
| 245 | 1 | 0 | |a Ryszard Kapuscinski Afrikája. {Africa lui Ryszard Kapuscinski}. [Ryszard Kapuscinki's Africa] |c SZENYÁN Erzsébet |
| 695 | |a recenzió | ||
| 695 | |a recenzie | ||
| 695 | |a book review | ||
| 695 | |a Africa | ||
| 695 | |a KAPUSCINSKI Ryszard | ||
| 695 | |a Afrika | ||
| 773 | 0 | |t Korunk. - |g 2001. 4, 17-19. | |